[Event "Otocec U16 op"]
[Site "Otocec"]
[Date "2015.06.07"]
[Round "7"]
[White "Faganel, Kaja"]
[Black "Hvala, Inja Ajda"]
[Result "1-0"]
[WhiteElo "1429"]
[BlackElo "1243"]
[PlyCount "95"]
[EventDate "2015.05.10"]
[EventType "swiss"]
[EventRounds "9"]
[EventCountry "SLO"]
[SourceTitle "EXT 2023"]
[Source "ChessBase"]
[SourceDate "2022.10.05"]
[SourceVersion "1"]
[SourceVersionDate "2022.10.05"]
[SourceQuality "1"]

1. Nf3 d5 2. c4 dxc4 3. Qa4+ c6 4. Qxc4 Nf6 5. Qc2 g6 6. Nc3 Bg7 7. g3 0-0 8. Bg2 Be6 9. 0-0 Nbd7 10. d3 Nd5 11. a3 Nxc3 12. bxc3 Nc5 13. Rb1 b5 14. Nd4 Bxd4 15. cxd4 Na6 16. Qxc6 Nc7 17. Bh6 Re8 18. Qc3 Bd5 19. Bxd5 Nxd5 20. Qd2 a6 21. e4 Nf6 22. d5 e6 23. dxe6 Rxe6 24. Qe2 Re5 25. Rfd1 Rh5 26. Bf4 Qd7 27. f3 Qd4+ 28. Be3 Qd6 29. Ra1 b4 30. axb4 Qxb4 31. Rdb1 Qd6 32. Rb6 Qe5 33. Raxa6 Rxa6 34. Rxa6 Qb5 35. Rxf6 Qb8 36. Kg2 Rb5 37. Bf2 Rb2 38. Qf1 Qa7 39. Kh3 Qxf2 40. Qxf2 Rxf2 41. d4 Kf8 42. d5 Ke7 43. e5 Rd2 44. d6+ Ke8 45. Rf4 Rd5 46. Re4 Kd7 47. f4 Ke6 48. Ra4 1-0

[Event "Ljubljana Winter op"]
[Site "Ljubljana"]
[Date "2014.03.05"]
[Round "6"]
[White "Faganel, Kaja"]
[Black "Malkoc, Patrik"]
[Result "1-0"]
[WhiteElo "1443"]
[BlackElo "1192"]
[PlyCount "67"]
[EventDate "2014.01.08"]
[EventType "swiss"]
[EventRounds "9"]
[EventCountry "SLO"]
[SourceTitle "EXT 2023"]
[Source "ChessBase"]
[SourceDate "2022.10.05"]
[SourceVersion "1"]
[SourceVersionDate "2022.10.05"]
[SourceQuality "1"]

1. d4 e6 2. e4 d5 3. Nd2 c5 4. dxc5 Bxc5 5. Nb3 Bb6 6. exd5 exd5 7. Bb5+ Nc6 8. Qe2+ Qe7 9. Bg5 Qxe2+ 10. Nxe2 Bd7 11. 0-0-0 Be6 12. Ned4 Rc8 13. Rhe1 Kd7 14. Kb1 Kd6 15. Bf4+ Kd7 16. f3 Nf6 17. c4 Bc7 18. Nc5+ Ke7 19. Bxc7 Rxc7 20. Ncxe6 fxe6 21. cxd5 Nxd4 22. Rxd4 Rc5 23. d6+ Kd8 24. Ba4 b5 25. Bb3 Kd7 26. Bxe6+ Kc6 27. b4 Rg5 28. Rc1+ Kb6 29. g4 h5 30. h4 Re5 31. Rc8 hxg4 32. fxg4 Rxh4 33. d7 Nxd7 34. Rd6+ 1-0